000 00639nam a2200205 i 4500
001 49487
003 ES-MaACL
005 20230906161958.0
007 t|
008 030716s1972 sp ||||1| spa d
080 _a75:929 Greco
100 1 _aCossío, Manuel B.,
_d1857-1935
_941019
245 1 3 _aEl Greco /
_cpor Manuel B. Cossío ; edición definitiva al cuidado de Natalia Cossío de Jiménez.
260 _aBarcelona :
_bR.M.,
_c1972.
300 _aXXIII, 446 p. :
_bil. ;
_c24 cm.
600 0 4 _aEl Greco.
_946893
700 1 _aCossío de Jiménez, Natalia.
_941024
852 4 _aES-MaACL
_jC-42594
999 _c49487
_d49487